| 000 | 00632cam a2200205 4500 | ||
|---|---|---|---|
| 001 | J100265 | ||
| 008 | 000000n1999 000 0 eng u | ||
| 035 | _a(Sirsi) u100265 | ||
| 041 | _aeng | ||
| 050 | _a333.33 | ||
| 110 |
_aRichard Ellis St. Quintin _93738 |
||
| 245 | _aGlasgow market bulletin, Glasgow office market 1999 summer. | ||
| 260 |
_aLondon _bRichard Ellis St Quintin _c1999 |
||
| 300 | _a4p. ; 30cm. | ||
| 650 | _aGLASGOW | ||
| 650 | _aPROPERTY-COMMERCIAL PROPERTY-OFFICE PROPERTY-OFFICE PROPERTY MARKET | ||
| 650 | _aOFFICES | ||
| 690 | _aPROPERTY-COMMERCIAL PROPERTY-COMMERCIAL PROPERTY MARKET | ||
| 942 | _n0 | ||
| 999 |
_c99665 _d99665 |
||